000 01176nam a22002897a 4500
001 BR2016004234
003 BR-BrBNA
005 20230928105001.0
007 ta
008 230509b bl.||||| |||| 00| 0 por d
040 _aBR-BrBNA
_bpor
_cBiblioteca Nacional de Agricultura
041 _a(Por)
072 _aE14
090 _ E14 BR2016004234
110 1 _aMinistério da Ciência e Tecnologia, Brasília, DF (Brasil)
_97001
110 1 _aCentro de Gestão e Estudos Estratégicos, Brasília, DF (Brasil)
_91515
111 1 _a4. Conferência Nacional de Ciência, Tecnologia e Inovação para o Desenvolvimento Sustentável. Conferências Nacional, Regionais e Estaduais e Fórum Nacional
245 1 _aConsolidação das recomendações da 4. conferência nacional de ciência, tecnologia e inovação para o desenvolvimento sustentável. Conferências nacional, regionais e estaduais, e fórum municipal de C, T, l
260 3 _aBrasília, DF (Brasil):
_c2010.
300 _a119 p.
500 _a46 illus
650 _aTECNOLOGIA
650 _aINOVAÇÃO
650 _aDESENVOLVIMENTO SUSTENTÁVEL
909 _a202309
_bLucia
_c55
_dLucia Elande
942 _cBK
999 _c82783
_d82783